[Event "Barcelona Sant Marti op-B 21st"]
[Site "Barcelona"]
[Date "2019.07.17"]
[Round "5"]
[White "Domenche Redondo, Francesco"]
[Black "Sanchez Rodriguez, Raul"]
[Result "1/2-1/2"]
[WhiteElo "1658"]
[BlackElo "1366"]
[PlyCount "55"]
[EventDate "2019.07.13"]
[EventType "swiss"]
[EventRounds "9"]
[EventCountry "ESP"]
[SourceTitle "EXT 2020"]
[Source "ChessBase"]
[SourceDate "2019.10.17"]
[SourceVersion "1"]
[SourceVersionDate "2019.10.17"]
[SourceQuality "1"]

1. d4 d5 2. Nf3 Nf6 3. c4 e6 4. Nc3 Be7 5. Bg5 0-0 6. e3 b6 7. Bxf6 Bxf6 8. cxd5 exd5 9. Bd3 Be6 10. Qc2 h6 11. 0-0 c5 12. Bf5 Nc6 13. Bxe6 fxe6 14. dxc5 bxc5 15. Rfd1 Ne5 16. Nxe5 Bxe5 17. f4 Bc7 18. Ne4 Bb6 19. Nxc5 Rc8 20. b4 a5 21. a3 Qe7 22. Rac1 axb4 23. axb4 Rc6 24. Qg6 Rfc8 25. Qb1 e5 26. Qf5 exf4 27. Qxd5+ Kh8 28. e4 1/2-1/2

[Event "Barcelona Sant Marti op-B 20th"]
[Site "Barcelona"]
[Date "2018.07.18"]
[Round "6"]
[White "Sanchez Rodriguez, Raul"]
[Black "Minko, Aleksandr"]
[Result "1-0"]
[WhiteElo "1402"]
[BlackElo "1112"]
[PlyCount "95"]
[EventDate "2018.07.13"]
[EventType "swiss"]
[EventRounds "9"]
[EventCountry "ESP"]
[SourceTitle "EXT 2019"]
[Source "ChessBase"]
[SourceDate "2018.10.10"]
[SourceVersion "1"]
[SourceVersionDate "2018.10.10"]
[SourceQuality "1"]

1. e4 c5 2. Nf3 Nc6 3. d4 cxd4 4. Nxd4 Nf6 5. Nc3 e5 6. Nb3 Bb4 7. Bc4 0-0 8. 0-0 d6 9. Bg5 h6 10. Bh4 Bg4 11. Bxf6 Bxd1 12. Bxd8 Bxc2 13. Bh4 Bxc3 14. bxc3 Bxe4 15. Rad1 g5 16. Bg3 h5 17. f3 Bf5 18. Rxd6 Rac8 19. Bd3 Be6 20. Re1 Bxb3 21. axb3 f6 22. Bc4+ Kg7 23. Rd7+ Kh6 24. Rxb7 Na5 25. Rxa7 Nxc4 26. bxc4 Rxc4 27. Ra6 Kg7 28. Re3 Rc5 29. h4 gxh4 30. Bxh4 Rc4 31. Be1 Rfc8 32. Rb6 R4c5 33. Bh4 Rf8 34. Kh2 Rc4 35. Rb4 Rc5 36. Kh3 f5 37. Be7 f4 38. Rd3 Ra5 39. Bxf8+ Kxf8 40. Rd7 Ra8 41. Re4 Ra1 42. Kh2 Ke8 43. Rh7 Ra5 44. Rxh5 Ra1 45. Rhxe5+ Kf8 46. Rxf4+ Kg8 47. Rg5+ Kh8 48. Rh4# 1-0